Firma by mala fungovať ako človek, ktorý chce dlho žiť

Základom firmy je dobrá stratégia. Starajte sa o svoju firmu. Kaizen japonská filozofia zameraná na trvalé zlepšovanie. Firma potrebuje lídra. Lídri si musia získavať svojich ľudí. Komunikácia, starostlivosť o zamestnancov.

Salvato in:
Dettagli Bibliografici
Autore principale: Jarošová, Jana
Natura: Capitolo di libro
Lingua:slovacco
Soggetti:
Tags: Aggiungi Tag
Nessun Tag, puoi essere il primo ad aggiungerne!!

MARC

LEADER 00000naa a2200000 4500
001 0162742
005 20231120125706.2
041 0 |a slo 
044 |a SK 
245 1 0 |a Firma by mala fungovať ako človek, ktorý chce dlho žiť  |c Jana Jarošová 
520 |a Základom firmy je dobrá stratégia. Starajte sa o svoju firmu. Kaizen japonská filozofia zameraná na trvalé zlepšovanie. Firma potrebuje lídra. Lídri si musia získavať svojich ľudí. Komunikácia, starostlivosť o zamestnancov. 
610 2 0 |a firmy 
610 2 0 |a stratégia podniková 
610 2 0 |a kultúra podniková 
610 2 0 |a lídri 
610 2 0 |a zamestnanci 
100 1 |a Jarošová, Jana